LEADER 02124nam 2200577Ia 450 001 9910449971703321 005 20200520144314.0 010 $a1-282-08324-4 010 $a9786612083242 010 $a0-309-54868-3 035 $a(CKB)1000000000030456 035 $a(SSID)ssj0000276988 035 $a(PQKBManifestationID)11217990 035 $a(PQKBTitleCode)TC0000276988 035 $a(PQKBWorkID)10226746 035 $a(PQKB)10368109 035 $a(MiAaPQ)EBC3377974 035 $a(Au-PeEL)EBL3377974 035 $a(CaPaEBR)ebr10085538 035 $a(OCoLC)923274658 035 $a(EXLCZ)991000000000030456 100 $a20060308d2005 ua 0 101 0 $aeng 135 $aurcn||||||||| 181 $ctxt 182 $cc 183 $acr 200 00$aAre chemical journals too expensive and inaccessible?$b[electronic resource] $ea workshop summary to the Chemical Sciences Roundtable /$fNed D. Heindel, Tina M. Masciangioli, and Eva von Schaper, editors 210 $aWashington, DC $cNational Academies Press$dc2005 215 $axi, 37 p. $cill 300 $a"This study was supported by Research Corporation under Grant GG0066, the U.S. Department of Energy under Grant DE-AT01-04ER15535, the National Institutes of Health under Grant N01-OD-4-2139 (Task Order 25), and the National Science Foundation under Grant CHE-0328197." 311 $a0-309-09590-5 606 $aChemical literature 606 $aCommunication in chemistry 606 $aScience publishing 608 $aElectronic books. 615 0$aChemical literature. 615 0$aCommunication in chemistry. 615 0$aScience publishing. 676 $a540.72 701 $aHeindel$b Ned D$0909310 701 $aMasciangioli$b Tina M$g(Tina Marie),$f1969-$0894592 701 $aSchaper$b Eva von$0909311 712 02$aNational Research Council (U.S.).$bChemical Sciences Roundtable. 801 0$bMiAaPQ 801 1$bMiAaPQ 801 2$bMiAaPQ 906 $aBOOK 912 $a9910449971703321 996 $aAre chemical journals too expensive and inaccessible$92034156 997 $aUNINA LEADER 02090oam 2200577 450 001 9910708386303321 005 20170927111420.0 035 $a(CKB)4330000001816343 035 $a(OCoLC)891598782 035 $a(OCoLC)994330000001816343 035 $a(EXLCZ)994330000001816343 100 $a20140929d1979 ua 0 101 0 $aeng 135 $aurmn||||||||| 181 $ctxt$2rdacontent 182 $cc$2rdamedia 183 $acr$2rdacarrier 200 10$aDuration of hydrothermal activity at Steamboat Springs, Nevada, from ages of spatially associated volcanic rocks /$fby M. L. Silberman [and three others] 210 1$aWashington :$cUnited States Department of the Interior, Geological Survey,$d1979. 215 $a1 online resource (iii, D14 pages) $cillustrations, maps 225 1 $aGeological Survey professional paper ;$v458-D 300 $aTitle from title screen (viewed September 29, 2014). 300 $a"Geology and geochemistry of the Steamboat Springs area, Nevada." 320 $aIncludes bibliographical references (pages D13-D14). 606 $aGeology$zNevada$zSteamboat Springs 606 $aHot springs$zNevada$zSteamboat Springs 606 $aGeothermal resources$zNevada$zSteamboat Springs 606 $aPotassium-argon dating 606 $aGeology$2fast 606 $aGeothermal resources$2fast 606 $aPotassium-argon dating$2fast 607 $aNevada$zSteamboat Springs$2fast 615 0$aGeology 615 0$aHot springs 615 0$aGeothermal resources 615 0$aPotassium-argon dating. 615 7$aGeology. 615 7$aGeothermal resources. 615 7$aPotassium-argon dating. 700 $aSilberman$b Miles L.$01403808 712 02$aGeological Survey (U.S.), 801 0$bCOP 801 1$bCOP 801 2$bOCLCO 801 2$bOCLCF 801 2$bOCLCO 801 2$bGPO 906 $aBOOK 912 $a9910708386303321 996 $aDuration of hydrothermal activity at Steamboat Springs, Nevada, from ages of spatially associated volcanic rocks$93477146 997 $aUNINA